A century of conflict : Communist techniques of world revolution

Đã lưu trong:
书目详细资料
主要作者: Possony, Stefan Thomas
格式: 图书
语言:Undetermined
出版: Chicago H. Regnery 1953
主题:
标签: 添加标签
没有标签, 成为第一个标记此记录!
Thư viện lưu trữ: Trung tâm Học liệu Trường Đại học Cần Thơ
LEADER 00575nam a2200205Ia 4500
001 CTU_77998
008 210402s9999 xx 000 0 und d
082 |a 335.4 
082 |b P856 
100 |a Possony, Stefan Thomas 
245 2 |a A century of conflict : 
245 0 |b Communist techniques of world revolution 
245 0 |c Stefan Thomas Possony 
260 |a Chicago 
260 |b H. Regnery 
260 |c 1953 
650 |a Revolutions,World politics,Communism 
650 |x History 
904 |i Nguyên 
980 |a Trung tâm Học liệu Trường Đại học Cần Thơ